Electricity and magnetism

Saved in:
Bibliographic Details
Main Author: Sears, Francis Weston (Author)
Format: Book
Language:English
Published: Cambridge Addison Wesley Publishing Company 1951
Series:Principles of Physics Series
Subjects:
Tags: Add Tag
No Tags, Be the first to tag this record!

MARC

LEADER 00000nam a2200000 a 4500
001 UCI3867
003 CL-VaPUC
008 071130e19510000US |||||||||||||||||eng|d
082 0 4 |a 537  |b SEA  |2 21 
100 0 |a Sears, Francis Weston  |e author  |9 525397 
245 1 0 |a Electricity and magnetism 
300 |a 454 p 
942 |c BK 
945 |d 20071130 00:00:00  |a jtorresc 
260 |a Cambridge  |b Addison Wesley Publishing Company  |c 1951 
650 0 |a Electricidad  |9 260222 
650 0 |a Electromagnetismo   |9 260123 
650 7 |a POTENCIAL ELECTRICO  |2 CL-VaPUC  |9 525398 
650 7 |a ELECTROSTATICA  |2 CL-VaPUC  |9 525399 
650 7 |a CAMPOS ELECTRICOS  |2 CL-VaPUC  |9 525400 
650 0 |a Magnetismo  |9 260336 
583 |a last modification  |c 20071130 00:00:00  |k Rodrigo Vera 
490 0 |a Principles of Physics Series 
999 |c 327911  |d 327909 
952 |0 0  |1 0  |4 0  |6 537_000000000000000_SEA_1951  |7 0  |8 A  |9 411464  |a BIBMAT  |b BIBMAT  |d 2019-11-22  |i 439349K  |o 537 SEA 1951  |p 439349K  |r 2025-01-07  |w 2019-11-22  |y BK  |k MAT